| 000 | 00595nam a2200205 a 4500 | ||
|---|---|---|---|
| 005 | 20140310183454.0 | ||
| 008 | 090804s19uu xx 00 eng d | ||
| 020 | _a9781422122945 | ||
| 050 |
_aHF 5549 _b.H34425 2008 |
||
| 100 | _aHarvard Business Review | ||
| 245 | _aHarvard buisness review on talent management. / | ||
| 260 |
_aBoston, M.A : _bHarvard Business School Press, _c2007. |
||
| 300 |
_a197 p. : _bill. ; _c22 cm. |
||
| 521 | _aBSBA | ||
| 650 | _aPersonnel management. | ||
| 650 |
_aEmployees _xRecruiting. |
||
| 942 |
_cBK _2lcc _kFOR |
||
| 999 |
_c23532 _d23532 |
||